[Event "Karl Mala Memorial op 13th"]
[Site "Frankfurt"]
[Date "2010.07.11"]
[Round "7"]
[White "Ockel, Benedikt"]
[Black "Witt, Holger"]
[Result "1/2-1/2"]
[WhiteElo "1235"]
[BlackElo "1616"]
[PlyCount "162"]
[EventDate "2010.07.08"]
[EventType "swiss"]
[EventRounds "7"]
[EventCountry "GER"]
[SourceTitle "EXT 2012"]
[Source "ChessBase"]
[SourceDate "2011.11.24"]
[SourceVersion "1"]
[SourceVersionDate "2011.11.24"]
[SourceQuality "1"]

1. d4 e6 2. Nf3 Nf6 3. Bg5 Be7 4. e3 d6 5. Bd3 0-0 6. 0-0 b6 7. c4 Bb7 8. Nc3 Nbd7 9. Rc1 c5 10. dxc5 dxc5 11. Bc2 Re8 12. Qd3 g6 13. Rcd1 Bxf3 14. gxf3 Ne5 15. Qe2 Qc8 16. f4 Ned7 17. Rd2 a6 18. Rfd1 Ra7 19. Ba4 Rd8 20. Ne4 Nxe4 21. Bxe7 Nxd2 22. Bxd8 Qxd8 23. Qxd2 Qh4 24. Bxd7 Qg4+ 25. Kf1 Qh3+ 26. Ke1 Qg2 27. Qd3 Qg1+ 28. Ke2 Qxh2 29. Bc6 Qh5+ 30. Bf3 Qh4 31. Qd8+ Qxd8 32. Rxd8+ Kg7 33. Ra8 Rxa8 34. Bxa8 f5 35. a3 a5 36. Kf3 Kf7 37. e4 h6 38. exf5 exf5 39. Kg3 Kf6 40. Bb7 Kf7 41. Kh4 Ke7 42. Bc8 Kf6 43. Bb7 Kf7 44. Kg3 Ke7 45. Kf3 Kf7 46. Ke3 Kf6 47. Kf3 Kf7 48. Ke2 Ke7 49. Kd3 Kf6 50. Kc3 g5 51. fxg5+ Kxg5 52. b4 h5 53. bxc5 bxc5 54. Kb3 f4 55. Ka4 Kg4 56. Bh1 Kh3 57. Kxa5 Kh2 58. Bf3 h4 59. Kb5 Kg1 60. a4 Kxf2 61. Bg4 Kg3 62. a5 h3 63. Bxh3 Kxh3 64. a6 f3 65. a7 f2 66. a8Q f1Q 67. Qc8+ Kh4 68. Qxc5 Qb1+ 69. Qb4 Qh7 70. c5+ Kg5 71. c6 Qc7 72. Qc5+ Kf6 73. Qb6 Qe5+ 74. Ka6 Ke6 75. Kb7 Qd5 76. Kc8 Qd6 77. Qc7 Qf8+ 78. Kb7 Qb4+ 79. Qb6 Qe4 80. Kc8 Ke7 81. Qb7+ Kd6 1/2-1/2